000 003160000a22000970004500
100 1 _aSabra, George
245 1 0 _aProtestantism the Middle east : Colonial phenomenon? Western transplant? Or something else?
300 _aVol. 43, NUm. 1 & 2 (Marzo-Junio, 1993), Páginas 39-52
773 0 _tReformed World
942 _cANA
999 _c55347
_d55347